|
|
|
|
| LEADER |
00000nab a2200000 a 4500 |
| 001 |
vtls010646101 |
| 003 |
SK-MaSNL |
| 005 |
20260319071117.0 |
| 008 |
150112c20150110xo d| | 000 0|2hun |
| 015 |
|
|
|a SNBRB2015/01
|
| 038 |
|
|
|a DSZK
|
| 040 |
|
|
|a DSZK
|b slo
|c DSZK
|e AACR2
|
| 041 |
0 |
|
|a hun
|
| 044 |
|
|
|a xo
|c SK
|
| 080 |
|
|
|a 796.332
|x (437.6)
|2 2001
|
| 245 |
0 |
0 |
|a Kevesen is elsők lettek a kisudvarnokiak
|c [szerző] (áb)
|
| 300 |
|
|
|b Fotogr.
|
| 610 |
2 |
7 |
|a Malodvornícky FK
|2 dszk
|9 1094033
|
| 611 |
2 |
7 |
|a Novoročný futsalový turnaj
|d (2015 :
|c Svätý Peter, Slovensko)
|2 dszk
|9 1094034
|
| 648 |
|
7 |
|a 2015
|2 dszk
|9 337775
|
| 650 |
0 |
7 |
|a futsal
|2 dszk
|9 30002
|
| 651 |
|
7 |
|a Malé Dvorníky (Slovensko)
|2 dszk
|9 154263
|
| 651 |
|
7 |
|a Svätý Peter (Komárno, Slovensko)
|2 SNKPHgeo
|9 60139
|
| 773 |
0 |
|
|t Új szó
|g Évf. 68, sz. 7 (2015.1.10), o. 23
|x 1335-7050
|
| 852 |
|
|
|a DSZK
|b KIS3GCP
|
| 958 |
|
|
|a HU
|
| 958 |
|
|
|a SK
|
| 999 |
|
|
|c 1797828
|d 1799758
|